000 00472nab a2200145Ia 4500
003 ES-SlBCS
005 20210601132846.0
008 140529s1956 xxu||||| |||| 00| 0 ita d
041 _aita
100 1 _aGiuletti, Giovanni
_9199458
245 0 0 _aI fondamenti dell'operativismo logico di J. Dewey
_c Giovanni Giuletti
600 1 _aDewey, John-Operativismo Lógico
_9199584
773 0 _tGiornali di Metafisica
_gvol. 11, nº. 1, 1956, págs. 13-33
_w0017-0372
942 _cAR
999 _c586781
_d586781